| 000 | 00907nam a2200277 a 4500 | ||
|---|---|---|---|
| 001 | 86256 | ||
| 003 | BD-RjUL | ||
| 005 | 20260329120047.0 | ||
| 008 | 260329s20242021ii a b 001 0 eng d | ||
| 020 | _a 9789355738066 | ||
| 035 | _a(BD-RjUL)86256 | ||
| 040 |
_aYDXCP _beng _cYDXCP _erda _dBTCTA _dDLC _dBD-RjUL |
||
| 041 | _aeng | ||
| 082 | 0 | 4 |
_223 _a658.5 _bSUP 2024 |
| 245 | 1 | 0 |
_aSupply chain management : _ba logistics perspective / _cC. John Langley ... [et al.] |
| 250 | _a11th ed. | ||
| 264 | 1 |
_aAustralia ; _aNew Delhi : _bCengage Learning, _c2021, [printing 2024] |
|
| 300 |
_axxvi, 628 pages : _billustrations ; _c27 cm |
||
| 336 |
_atext _btxt _2rdacontent |
||
| 337 |
_aunmediated _bn _2rdamedia |
||
| 338 |
_avolume _bnc _2rdacarrier |
||
| 504 | _aIncludes bibliographical references and indexes. | ||
| 650 | 0 |
_aBusiness logistics. _98979 |
|
| 700 |
_aLangley, C. John _917875 |
||
| 942 |
_2ddc _cBK |
||
| 999 |
_c86256 _d86256 |
||